000 01588nam a2200373 a 4500
001 ebr10452809
003 CaPaEBR
006 m u
007 cr cn|||||||||
008 090317s2008 be ab sb 000 0 eng d
010 _z 2009402690
020 _z9789058676610
020 _z9058676617
020 _z9789461660473 (e-book)
040 _aCaPaEBR
_cCaPaEBR
035 _a(OCoLC)715171555
043 _aa-tu---
050 1 4 _aDS156.S25
_bS24 2008eb
082 0 4 _a956.2
_222
245 0 0 _aSagalassos VI
_h[electronic resource] :
_bgeo- and bio-archaeology at Sagalassos and in its territory /
_cedited by P. Degryse & M. Waelkens.
260 _aLeuven :
_bLeuven University Press,
_cc2008.
300 _aviii, 328 p. :
_bill., maps.
504 _aIncludes bibliographical references.
505 0 _apt. 1. The geological setting -- pt. 2. The geomorphological setting -- pt. 3. The climatic setting -- pt. 4. Exploitation of local resources and the import of subsistence goods.
533 _aElectronic reproduction.
_bPalo Alto, Calif. :
_cebrary,
_d2013.
_nAvailable via World Wide Web.
_nAccess may be limited to ebrary affiliated libraries.
650 0 _aArchaeological geology
_zTurkey
_zSagalassos (Extinct city)
651 0 _aSagalassos (Extinct city)
651 0 _aTurkey
_xAntiquities.
655 7 _aElectronic books.
_2local
700 1 _aDegryse, Patrick.
700 1 _aWaelkens, Marc.
710 2 _aebrary, Inc.
856 4 0 _uhttp://site.ebrary.com/lib/rucke/Doc?id=10452809
_zAn electronic book accessible through the World Wide Web; click to view
999 _c139874
_d139874